Dopasuj sklep do złej opinii - Statystyki

Ogólne statystyki
  • Ten quiz został rozwiązany 34 razy
  • Średni wynik to 4 z 8
Statystyki odpowiedzi
Hint Odpowiedź % Poprawnych
Sklep meblowy Zakupiłem kuchnie z montażem przyjechali i się zaczęło niemili panowie nic im niepasuje zlew wymieniany trzy razy i tak nie ten przyjechali po 3 tygodniach skończyć przywieźli zlew popatrzyli i powiedzieli że zadurzo roboty na dziś i niebędą kończyć bo nimają czasu dodzwoniłem się na info linie i przyjadą 20 stycznia i tak niemam kuchni na święta ale kasę trzeba wpłacić za wczasu niepolecam ich usług niegodni polecenia Ikea
97%
Sklep budowlany Nie polecam zamawiania choinki z dowozem do domu. Opłacono usługę według cennika w sklepie. Pan przyjechał bez wcześniejszego ustalenia godziny, chciał zainkasować dodatkowe pieniądze za wniesienie do bloku i koniec końców zostawił choinkę u sąsiadki (której jeszcze nawet nie znam po przeprowadzce a nie mogłam zostawić niemowlaka samego w mieszkaniu). Można było odgórnie naliczyć dodatkowe koszty wniesienia bądź ustalić godzinę dogodną dla klienta by ktoś choinkę mógł odebrać pod blokiem. Leroy Merlin
66%
Drogeria Kiedyś promocyjne ceny były promocyjne. Dzisiaj to są ceny z aplikacją o czym można się przekonać przy kasie, ale tylko wtedy, gdy kupujesz tylko jeden towar i pamiętasz cenę. Inaczej zapłacisz nieświadomie więcej. Taki rodzaj oszustwa przed świętami, bo wiadomo, czasu mało i nikt nie policzy. Współczuję osobą starszym, które widzą słabo. Niewiarygodne. Ostatni raz coś kupiłem u Państwa. Rossmann
66%
Supermarket Ciagle bałagan nie ma jak przejsć. Oszukali mnie na promocji. Wielki napis promocja a towar jest inny i kasa nie rabatuje. Ja juz sie nauczylem i wzywam kierownika. Reklamacja rozpatrzona na moja korzyśc podziekowania dla kierownika. Drozszy towar w niższej cenie dostalem. Biedronka
59%
Sklep budowlany Nie polecam, sobota 14.09. czynna jedna kasa - kolejka tasiemiec. Reszta samoobsługowe. Większość z nich zablokowana, kod produktu, który chciałem nabyć nie do znalezienia, więc i ja zablokowałem kolejną, po czym następną. Nikogo z obsługi to nie obchodziło. Wyszedłem zostawiając zakupy, kupić to co chciałem gdzie indziej, gdzie z drugiej strony był życzliwy człowiek, u Was zmarnowany czas. Castorama
55%
Supermarket Jakaś tragedja ceny z kosmosu nie przestrzegany obowiązek noszenia maseczek przez obsługę i klientów stare warzywa pracownica na stoisku mięsnym najpierw bierze kurczaka do łapy puzniej kroi wendliny pracuje przy wendlinach bez maseczki tragedja Stokrotka
31%
Sieć z artykułami dla domu Poduszka kupiona rok temu jako ozdobna. Nie byla używana można powiedzieć. To co się wydostało ze środka podczas zamiaru wyprania jej można śmiało nazwać "bombą chemiczna". Mnóstwo ale to dosłownie mnóstwo białego proszku z wypełnienia. Cała podłoga i meble białe. Proszek zbliżony w strukturze do mąki. Był wszedzie. Obrzydliwe. Ile tego nieświadomie nawdychali się domownicy to nawet nie chcę wiedzieć. Oczywiście jest "Oko Test". Nie wiem po co. Może Wasze artykuły powinny mieć datę ważności w takim razie? Zakupy proponuje dobrze przemyśleć. Wytwarzane z byle czego jak widać na załączonych zdjęciach. Jysk
17%
Hipermarket Kasjerzy bardzo mili, asortyment uważam, że bardzo ciekawy, różnorodny. Toalety bardzo czysto utrzymane. Jedna gwiazdka za pracowników ze strefy "ochrony" tutaj Panowie z kulturą osobistą nie mają nic wspólnego. Nie wrócę. Selgros
14%
Nie znaleziono quizów pasujących do podanych kryteriów
Rozkład punktacji
Procent ludzi z każdym wynikiem
Percentyl według liczby udzielonych odpowiedzi
Twoja historia wyników
Nie rozwiązałeś tego quizu